Instalaciones en escuelas. (Record no. 175995)

MARC details
000 -LEADER
campo de control de longitud fija 00918nam a22002295i 4500
001 - NÚMERO DE CONTROL
campo de control 175995
003 - IDENTIFICADOR DE NÚMERO DE CONTROL
campo de control ES-MaACL
005 - FECHA Y HORA DE LA ÚLTIMA TRANSACCIÓN
campo de control 20230906215948.0
008 - DATOS DE LONGITUD FIJA--INFORMACIÓN GENERAL
campo de control de longitud fija 101209 1972 sp a |||| | spa d
080 ## - NÚMERO DE LA CLASIFICACIÓN DECIMAL UNIVERSAL
Número de la Clasificación Decimal Universal 373:696/697
245 00 - MENCIÓN DEL TÍTULO
Título Instalaciones en escuelas.
Número de parte o sección de la obra I,
Nombre de parte o sección de la obra elementos de control ambiental /
Mención de responsabilidad, etc. realización: Rafael Serra Florensa ... [et al.].
260 ## - PUBLICACIÓN, DISTRIBUCIÓN, ETC.
Lugar de publicación, distribución, etc. Barcelona :
Nombre del editor, distribuidor, etc. Colegio Oficial de Arquitectos de Cataluña y Baleares :
-- Asesoría Técnica de Ediciones,
Fecha de publicación, distribución, etc. D. L. 1972.
300 ## - DESCRIPCIÓN FÍSICA
Extensión 53, [11] p. :
Otras características físicas il. ;
Dimensiones 24 cm.
490 1# - MENCIÓN DE SERIE
Mención de serie Manuales de arquitectura ;
Designación de volumen o secuencia 12
650 #4 - PUNTO DE ACCESO ADICIONAL DE MATERIA--TÉRMINO DE MATERIA
Término de materia o nombre geográfico como elemento de entrada Escuelas.
9 (RLIN) 136043
650 #4 - PUNTO DE ACCESO ADICIONAL DE MATERIA--TÉRMINO DE MATERIA
Término de materia o nombre geográfico como elemento de entrada Edificios-
Subdivisión general Instalaciones.
9 (RLIN) 144212
700 1# - ENTRADA AGREGADA--NOMBRE PERSONAL
Nombre de persona Serra Florensa, Rafael.
9 (RLIN) 144211
710 0# - ENTRADA AGREGADA--NOMBRE DE ENTIDAD CORPORATIVA
Nombre de entidad corporativa o nombre de jurisdicción como elemento de entrada Colegio Oficial de Arquitectos de Cataluña y Baleares.
9 (RLIN) 2956
830 0# - PUNTO DE ACCESO ADICIONAL DE SERIE-TÍTULO UNIFORME
Título uniforme Manuales de arquitectura ;
Designación de volumen o secuencia 12
9 (RLIN) 223953
852 ## - LOCALIZACIÓN
Ubicación ES-MaACL
Número de control de estantería 2272-F-11
Encuadernación Olim P-1644
Holdings
Estatus retirado Estado de pérdida Estado de daño No para préstamo Colección Biblioteca de origen Biblioteca actual Ubicación en estantería Fecha de adquisición Fuente de adquisición Total de préstamos Signatura topográfica completa Código de barras Visto por última vez Precio de reemplazo Tipo de ítem Koha
        Colección de folletos Biblioteca del Ateneo de Madrid Biblioteca del Ateneo de Madrid Depósito folletos 09/12/2010     2272-F-11 1184823 23/02/2023 23/02/2023 Folleto